Introduction to linear algebra. (Record no. 419)

MARC details
000 -LEADER
fixed length control field 00466nam a2200157 4500
001 - CONTROL NUMBER
control field 554
005 - DATE AND TIME OF LATEST TRANSACTION
control field 20181127161637.0
008 - FIXED-LENGTH DATA ELEMENTS--GENERAL INFORMATION
fixed length control field 840529s1963 njua 000 0 eng
010 ## - LIBRARY OF CONGRESS CONTROL NUMBER
LC control number 63004088
100 1# - MAIN ENTRY--PERSONAL NAME
Personal name Stewart, Frank Moore,
Dates associated with a name 1917-
245 10 - TITLE STATEMENT
Title Introduction to linear algebra.
260 ## - PUBLICATION, DISTRIBUTION, ETC.
Place of publication, distribution, etc. Princeton, N.J. :
Name of publisher, distributor, etc. Van Nostrand,
Date of publication, distribution, etc. 1963.
300 ## - PHYSICAL DESCRIPTION
Extent 281 p. :
Other physical details ill.;
Dimensions 24 cm.
440 #4 - SERIES STATEMENT/ADDED ENTRY--TITLE
Title The University series in undergraduate mathematics
650 #0 - SUBJECT ADDED ENTRY--TOPICAL TERM
Topical term or geographic name entry element Algebras, Linear.
Holdings
Withdrawn status Lost status Source of classification or shelving scheme Damaged status Not for loan Collection code Home library Current library Shelving location Serial Enumeration / chronology Inventory number Total Checkouts Full call number Barcode Date last seen Price effective from Koha item type
    Dewey Decimal Classification     Main TEST RTC Library RTC Library Main opac 428   512.5 STE 30002893 27/11/2018 27/11/2018 Main
Royal Thimphu College || All Right Reserved